000
00316nam a22001457a 4500
003
SGT
020
_a
978-93-86107-97-8
082
_a
616.07
_b
P17M
100
_a
MOHAN, HARSH
245
_a
PRACTICAL PATHOLOGY
260
_a
NEW DELHI
_b
JAYPEE PUB
_c
2017
300
_a
287
650
_a
AYURVEDA
942
_2
ddc
_c
BK
_0
20
999
_c
11314
_d
11314